عرض عادي
عرض مارك
- Hart, Matthew,
مدخل إسم شخص
001 - رقم الضبط
- حقل الضبط: 8534
003 - معرف رقم الضبط
- حقل الضبط: OSt
005 - تاريخ ووقت أخر عملية
- حقل الضبط: 20111215085641.0
008 - عناصر بيانات ثابتة الطول
- حقل تحكم ثابت الطول: 111215|||a|||||| | ||| d
040 ## - مصدر الفهرسة
- هيئة الفهرسة الأصلية: OSt
- وكالة الكتابة: OSt
100 ## - مدخل -- أسم شخص
- إسم شخص: Hart, Matthew,
- العنوان و الكلمات الأخري المرتبطة بالأسم: Ph.D.
670 ## - بيانات المصدر موجوده
- الاستشهاد بالمصدر: Work cat.: (OSt)0: Hart, Matthew, Ph.D., Nations of nothing but poetry :, 2010.
